[Event "SUI-chT"]
[Site "Switzerland"]
[Date "2019.10.19"]
[Round "8.2"]
[White "Huebner, Robert"]
[Black "Cvitan, Ognjen"]
[Result "1/2-1/2"]
[WhiteElo "2575"]
[BlackElo "2481"]
[PlyCount "62"]
[EventDate "2019.03.10"]
[EventType "team-tourn"]
[EventRounds "9"]
[EventCountry "SUI"]
[SourceTitle "CBM 192 Extra"]
[Source "Chessbase"]
[SourceDate "2019.11.06"]
[SourceVersion "1"]
[SourceVersionDate "2019.11.06"]
[SourceQuality "1"]
[WhiteTeam "Luzern"]
[BlackTeam "Riehen"]
[WhiteTeamCountry "SUI"]
[BlackTeamCountry "SUI"]

1. d4 Nf6 2. Nf3 e6 3. g3 c5 4. Bg2 cxd4 5. Nxd4 d5 6. 0-0 e5 7. Nb3 Be6 8. Bg5 Nbd7 9. e4 dxe4 10. Nc3 Be7 11. Nxe4 Nxe4 12. Bxe7 Qxe7 13. Bxe4 Nf6 14. Bg2 0-0 15. Re1 Qc7 16. Qe2 Nd7 17. Rad1 Rad8 18. Rd2 b6 19. Red1 Bc4 20. Qf3 Nf6 21. Qc3 Rc8 22. Rd6 Bxb3 23. Qxc7 Rxc7 24. cxb3 Rc2 25. R1d2 Rxd2 26. Rxd2 Rc8 27. Bb7 Rc1+ 28. Kg2 Kf8 29. Re2 Nd7 30. b4 Ke7 31. Ba6 Kf6 1/2-1/2

[Event "SUI-chT"]
[Site "Switzerland"]
[Date "2018.10.28"]
[Round "9.2"]
[White "Huebner, Robert"]
[Black "Bogner, Sebastian"]
[Result "1-0"]
[WhiteElo "2577"]
[BlackElo "2589"]
[PlyCount "81"]
[EventDate "2018.03.25"]
[EventType "team-tourn"]
[EventRounds "9"]
[EventCountry "SUI"]
[SourceTitle "CBM 187 Extra"]
[Source "ChessBase"]
[SourceDate "2018.11.04"]
[SourceVersion "1"]
[SourceVersionDate "2018.11.04"]
[SourceQuality "1"]
[WhiteTeam "Luzern"]
[BlackTeam "Reti"]
[WhiteTeamCountry "SUI"]
[BlackTeamCountry "SUI"]

1. d4 Nf6 2. Nf3 e6 3. g3 c5 4. Bg2 cxd4 5. Nxd4 d5 6. 0-0 e5 7. Nb3 Be6 8. Bg5 Nbd7 9. e4 dxe4 10. Nc3 Qc7 11. Nxe4 Nxe4 12. Bxe4 h6 13. Bd2 Rd8 14. Qf3 b6 15. Bc3 Bd6 16. Bf5 Bxf5 17. Qxf5 0-0 18. Rad1 Nf6 19. Nd2 b5 20. Nf3 Nd7 21. Ba5 Nb6 22. Bxb6 axb6 23. Rd5 g6 24. Qe4 f5 25. Qe2 e4 26. Nh4 Kg7 27. Qxb5 Bc5 28. Rfd1 Rxd5 29. Rxd5 Rd8 30. Rxd8 Qxd8 31. Qc6 Bxf2+ 32. Kg2 Qd2 33. Qxg6+ Kh8 34. Qe8+ Kg7 35. Qe7+ Kg8 36. Qe6+ Kh8 37. Nxf5 Bxg3+ 38. Kxg3 Qe1+ 39. Kf4 Qf2+ 40. Ke5 Qxh2+ 41. Kf6 1-0

[Event "SUI-chT"]
[Site "Switzerland"]
[Date "2017.09.03"]
[Round "7.2"]
[White "Bauer, Christian"]
[Black "Huebner, Robert"]
[Result "1/2-1/2"]
[WhiteElo "2630"]
[BlackElo "2569"]
[PlyCount "61"]
[EventDate "2017.03.19"]
[EventType "team-swiss"]
[EventRounds "9"]
[EventCountry "SUI"]
[SourceTitle "EXT 2018"]
[Source "ChessBase"]
[SourceDate "2017.10.13"]
[SourceVersion "1"]
[SourceVersionDate "2017.10.13"]
[SourceQuality "1"]
[WhiteTeam "Zuerich"]
[BlackTeam "Luzern"]
[WhiteTeamCountry "SUI"]
[BlackTeamCountry "SUI"]

1. c4 e5 2. Nc3 Nf6 3. Nf3 Nc6 4. e3 g6 5. Be2 Bg7 6. a3 d5 7. cxd5 Nxd5 8. Qc2 0-0 9. 0-0 b6 10. d3 Bb7 11. Bd2 a5 12. Rfd1 Nxc3 13. bxc3 Qe7 14. Be1 Nd8 15. d4 e4 16. Nd2 f5 17. Nf1 Ba6 18. Bxa6 Rxa6 19. a4 Nf7 20. Rac1 Raa8 21. Qb3 Rab8 22. Ng3 c5 23. Ne2 Rfc8 24. Rb1 c4 25. Qb5 Bh6 26. Bd2 Qb7 27. Bc1 Nd6 28. Qe5 Nf7 29. Qb5 Nd6 30. Qe5 Nf7 31. Qb5 1/2-1/2

[Event "Prague Talents-Legends"]
[Site "Prague"]
[Date "2017.01.18"]
[Round "3.1"]
[White "Huebner, Robert"]
[Black "Kriebel, Tadeas"]
[Result "1/2-1/2"]
[WhiteElo "2574"]
[BlackElo "2465"]
[PlyCount "194"]
[EventDate "2017.01.16"]
[EventType "schev"]
[EventRounds "4"]
[EventCountry "CZE"]
[SourceTitle "CBM 176 Extra"]
[Source "ChessBase"]
[SourceDate "2017.03.02"]
[SourceVersion "1"]
[SourceVersionDate "2017.03.02"]
[SourceQuality "1"]
[WhiteTeam "Legends"]
[BlackTeam "Talents"]
[WhiteTeamCountry "CZE"]
[BlackTeamCountry "CZE"]

1. d4 Nf6 2. Nf3 g6 3. g3 d5 4. Bg2 Bg7 5. 0-0 0-0 6. c4 dxc4 7. Na3 c3 8. bxc3 c5 9. e3 Nc6 10. Bb2 Qb6 11. Nc4 Qa6 12. Ncd2 cxd4 13. exd4 e5 14. Nb3 exd4 15. Nbxd4 Bd7 16. Re1 Rfe8 17. Rxe8+ Rxe8 18. Bf1 Qb6 19. Qb3 Qxb3 20. axb3 Ne4 21. Bc4 Nd6 22. Bf1 a6 23. Bg2 Nf5 24. Nxc6 Bxc6 25. Re1 Rc8 26. Ne5 Bxg2 27. Kxg2 Rd8 28. c4 Rd2 29. Bc1 Rc2 30. Bf4 h6 31. Nd3 Bd4 32. Re8+ Kg7 33. Be5+ Bxe5 34. Rxe5 Nd4 35. Re7 Nxb3 36. Rxb7 Na5 37. Ra7 Nxc4 38. Rxa6 Rd2 39. Nf4 h5 40. Kg1 Ne5 41. Ra3 g5 42. Nh3 g4 43. Nf4 Nf3+ 44. Kg2 Rd1 45. Rxf3 gxf3+ 46. Kxf3 Kh6 47. h4 Re1 48. Nd3 Ra1 49. Nf4 Ra5 50. Ke4 Kg7 51. Kf3 Kf6 52. Ke4 Re5+ 53. Kf3 Ke7 54. Nd3 Ra5 55. Nf4 Kd6 56. Ke4 Rb5 57. Kf3 Re5 58. Nd3 Rf5+ 59. Ke4 Rd5 60. Ke3 Ra5 61. Nf4 Re5+ 62. Kf3 Ke7 63. Nd3 Rb5 64. Nf4 Kf6 65. Ke3 Rf5 66. Ke4 Ra5 67. Kf3 Re5 68. Nd3 Rf5+ 69. Ke4 Ra5 70. Nf4 Kg7 71. Kf3 Re5 72. Nd3 Re8 73. Nf4 Kh6 74. Nd3 Rd8 75. Nf4 Rd4 76. Ke3 Ra4 77. Kf3 Ra5 78. Kg2 Ra3 79. Nh3 Ra4 80. Kf3 Kg7 81. Nf4 Ra5 82. Ke4 Kf6 83. Kf3 Re5 84. Nd3 Rf5+ 85. Ke4 Rb5 86. Nf4 Ke7 87. Kf3 Kd6 88. Ke4 Re5+ 89. Kf3 f6 90. Nd3 Rf5+ 91. Ke4 Ra5 92. Nf4 Re5+ 93. Kf3 Kc6 94. Nd3 Rf5+ 95. Ke4 Rb5 96. Nf4 Re5+ 97. Kf3 Kd6 1/2-1/2

[Event "Puhajarve rap op 17th"]
[Site "Puhajarve"]
[Date "2016.11.27"]
[Round "30"]
[White "Huebner, Robert"]
[Black "Beliavsky, Alexander G"]
[Result "1/2-1/2"]
[WhiteElo "2574"]
[BlackElo "2605"]
[PlyCount "53"]
[EventDate "2016.11.25"]
[EventType "tourn (rapid)"]
[EventRounds "35"]
[EventCountry "EST"]
[SourceTitle "EXT 2018"]
[Source "ChessBase"]
[SourceDate "2017.10.13"]
[SourceVersion "1"]
[SourceVersionDate "2017.10.13"]
[SourceQuality "1"]

1. d4 Nf6 2. Nf3 e6 3. g3 b6 4. Bg2 Bb7 5. 0-0 Be7 6. c4 0-0 7. Nc3 Ne4 8. Bd2 Nxd2 9. Qxd2 d6 10. e4 Nd7 11. Rfe1 a6 12. Rad1 b5 13. cxb5 axb5 14. a3 c6 15. d5 e5 16. dxc6 Bxc6 17. Nd5 Bxd5 18. Qd4 Qb6 19. Qxd5 Nf6 20. Nd2 Rfd8 21. Qd3 b4 22. Nf1 bxa3 23. Ne3 d5 24. bxa3 Rxa3 25. exd5 Qc7 26. Qf5 Rc3 27. Rc1 1/2-1/2

[Event "Puhajarve rap op 17th"]
[Site "Puhajarve"]
[Date "2016.11.26"]
[Round "26"]
[White "Huebner, Robert"]
[Black "Petursson, Margeir"]
[Result "1-0"]
[WhiteElo "2574"]
[BlackElo "2513"]
[PlyCount "83"]
[EventDate "2016.11.25"]
[EventType "tourn (rapid)"]
[EventRounds "35"]
[EventCountry "EST"]
[SourceTitle "EXT 2018"]
[Source "ChessBase"]
[SourceDate "2017.10.13"]
[SourceVersion "1"]
[SourceVersionDate "2017.10.13"]
[SourceQuality "1"]

1. d4 Nf6 2. Nf3 e6 3. g3 c5 4. Bg2 Nc6 5. 0-0 cxd4 6. Nxd4 Bc5 7. Nb3 Bb6 8. c4 d5 9. cxd5 Nxd5 10. Bd2 0-0 11. Nc3 a5 12. Nxd5 exd5 13. Bf4 a4 14. Nc1 d4 15. Nd3 Bg4 16. h3 Bh5 17. Rc1 Qd7 18. Nc5 Qe7 19. Ne4 Rfe8 20. g4 Bg6 21. Ng3 a3 22. Qb3 axb2 23. Qxb2 Bc5 24. Rcd1 Ra3 25. Bf3 Rea8 26. Nf5 Bxf5 27. gxf5 Rxa2 28. Qb1 Bb4 29. Bg3 Bc3 30. f6 Qxf6 31. Qxb7 Ne5 32. Bg2 h5 33. Qe4 R8a5 34. Rb1 Ng6 35. Rb8+ Kh7 36. h4 R2a4 37. Qe8 Bd2 38. Be4 Rf5 39. Bxf5 Qxf5 40. Qxa4 Bf4 41. Qxd4 Bxb8 42. Bxb8 1-0

[Event "Puhajarve rap op 17th"]
[Site "Puhajarve"]
[Date "2016.11.26"]
[Round "19"]
[White "Ladva, Ottomar"]
[Black "Huebner, Robert"]
[Result "1/2-1/2"]
[WhiteElo "2510"]
[BlackElo "2574"]
[PlyCount "124"]
[EventDate "2016.11.25"]
[EventType "tourn (rapid)"]
[EventRounds "35"]
[EventCountry "EST"]
[SourceTitle "EXT 2018"]
[Source "ChessBase"]
[SourceDate "2017.10.13"]
[SourceVersion "1"]
[SourceVersionDate "2017.10.13"]
[SourceQuality "1"]

1. Nf3 Nf6 2. c4 c6 3. g3 d5 4. Bg2 dxc4 5. 0-0 Nbd7 6. Na3 Nb6 7. Qc2 g6 8. Nxc4 Nxc4 9. Qxc4 Bg7 10. d4 0-0 11. Qb3 Qb6 12. Qxb6 axb6 13. a3 Bf5 14. Bf4 Be4 15. Be5 b5 16. e3 Nd7 17. Bxg7 Kxg7 18. Rac1 Nb6 19. Ne5 Bxg2 20. Kxg2 f6 21. Nd3 Kf7 22. Nc5 Ra7 23. Ra1 Rd8 24. Rfb1 Nc4 25. b3 Nxa3 26. Rb2 Rda8 27. Nd3 b4 28. Nxb4 Nb5 29. Rxa7 Rxa7 30. Nd3 Ke6 31. h4 Kd6 32. h5 gxh5 33. Rb1 Ra3 34. Rh1 b6 35. Rxh5 Rxb3 36. Nf4 Nc3 37. Rxh7 Rb2 38. Rh8 Nd1 39. Rd8+ Kc7 40. Ne6+ Kb7 41. Rd7+ Ka6 42. Rxe7 Nxe3+ 43. Kh3 Nd5 44. Nc7+ Nxc7 45. Rxc7 Rxf2 46. Rxc6 Ka5 47. Kg4 b5 48. d5 b4 49. d6 Rd2 50. d7 Rxd7 51. Rxf6 b3 52. Rf1 Kb4 53. Kh5 Rh7+ 54. Kg6 Rc7 55. g4 b2 56. Rb1 Kc3 57. g5 Kc2 58. Rxb2+ Kxb2 59. Kf6 Kc3 60. g6 Kd4 61. g7 Rxg7 62. Kxg7 Ke5 1/2-1/2

[Event "Puhajarve rap op 17th"]
[Site "Puhajarve"]
[Date "2016.11.26"]
[Round "15"]
[White "Sepp, Olav"]
[Black "Huebner, Robert"]
[Result "0-1"]
[WhiteElo "2429"]
[BlackElo "2574"]
[PlyCount "64"]
[EventDate "2016.11.25"]
[EventType "tourn (rapid)"]
[EventRounds "35"]
[EventCountry "EST"]
[SourceTitle "EXT 2018"]
[Source "ChessBase"]
[SourceDate "2017.10.13"]
[SourceVersion "1"]
[SourceVersionDate "2017.10.13"]
[SourceQuality "1"]

1. Nf3 Nc6 2. e4 e5 3. d4 exd4 4. Nxd4 Bc5 5. Nxc6 Qf6 6. Qf3 bxc6 7. Nd2 d6 8. Nb3 Qxf3 9. gxf3 Bb6 10. a4 a5 11. Rg1 g6 12. Be3 Nf6 13. 0-0-0 Bxe3+ 14. fxe3 Bd7 15. e5 dxe5 16. Rg5 e4 17. Re5+ Be6 18. Nc5 exf3 19. Nxe6 fxe6 20. Rxe6+ Kf7 21. Bc4 Kg7 22. Rxc6 Rhf8 23. Rxc7+ Kh6 24. Rf1 Ng4 25. Kd2 Rae8 26. Bb5 Re5 27. Rc4 Nxe3 28. Rh4+ Kg5 29. Rxh7 Nxf1+ 30. Bxf1 Rd8+ 31. Bd3 Rf8 32. h4+ Kf4 0-1

[Event "Puhajarve rap op 17th"]
[Site "Puhajarve"]
[Date "2016.11.25"]
[Round "6"]
[White "Huebner, Robert"]
[Black "Kulaots, Kaido"]
[Result "0-1"]
[WhiteElo "2574"]
[BlackElo "2556"]
[PlyCount "50"]
[EventDate "2016.11.25"]
[EventType "tourn (rapid)"]
[EventRounds "35"]
[EventCountry "EST"]
[SourceTitle "EXT 2018"]
[Source "ChessBase"]
[SourceDate "2017.10.13"]
[SourceVersion "1"]
[SourceVersionDate "2017.10.13"]
[SourceQuality "1"]

1. d4 Nf6 2. Nf3 g6 3. g3 Bg7 4. Bg2 d5 5. 0-0 0-0 6. c4 dxc4 7. Na3 c3 8. bxc3 c5 9. e3 Nc6 10. Qe2 Bf5 11. Rd1 Qa5 12. Bb2 Rfd8 13. Nc4 Qa6 14. Bf1 Na5 15. Nce5 Qxe2 16. Bxe2 h6 17. Ba3 Ne4 18. Rac1 Rac8 19. Nc4 Nxc4 20. Bxc4 Bg4 21. Kg2 cxd4 22. cxd4 e5 23. Bb3 exd4 24. Rxc8 Rxc8 25. exd4 Rc3 0-1

[Event "Puhajarve rap op 17th"]
[Site "Puhajarve"]
[Date "2016.11.25"]
[Round "7"]
[White "Narva, Mai"]
[Black "Huebner, Robert"]
[Result "1/2-1/2"]
[WhiteElo "2218"]
[BlackElo "2574"]
[PlyCount "67"]
[EventDate "2016.11.25"]
[EventType "tourn (rapid)"]
[EventRounds "35"]
[EventCountry "EST"]
[SourceTitle "EXT 2018"]
[Source "ChessBase"]
[SourceDate "2017.10.13"]
[SourceVersion "1"]
[SourceVersionDate "2017.10.13"]
[SourceQuality "1"]

1. e4 e6 2. d4 d5 3. e5 c5 4. c3 Bd7 5. Nf3 Qb6 6. a3 Bb5 7. c4 Bxc4 8. Bxc4 dxc4 9. d5 exd5 10. Qxd5 Ne7 11. Qxc4 Qa6 12. Nbd2 Qxc4 13. Nxc4 Ng6 14. 0-0 Nc6 15. Re1 Be7 16. Bg5 h6 17. Bxe7 Kxe7 18. Nd6 b6 19. Nf5+ Kf8 20. e6 fxe6 21. Rxe6 Nce7 22. Nxe7 Nxe7 23. Ne5 g5 24. Re1 Rd8 25. Rf6+ Kg8 26. Nf7 Nd5 27. Rf5 Rf8 28. Re6 Kg7 29. Rxd5 Rxf7 30. Rdd6 Rf4 31. Re7+ Rf7 32. Ree6 Rf4 33. Re7+ Rf7 34. Ree6 1/2-1/2

[Event "Loeberitz Ehrenpreis 5th"]
[Site "Loeberitz"]
[Date "2016.06.18"]
[Round "3"]
[White "Huebner, Robert"]
[Black "Timman, Jan H"]
[Result "0-1"]
[WhiteElo "2583"]
[BlackElo "2562"]
[PlyCount "71"]
[EventDate "2016.06.17"]
[EventType "tourn"]
[EventRounds "5"]
[EventCountry "GER"]
[EventCategory "7"]
[SourceTitle "EXT 2017"]
[Source "ChessBase"]
[SourceDate "2016.10.25"]
[SourceVersion "1"]
[SourceVersionDate "2016.10.25"]
[SourceQuality "1"]

1. e4 e5 2. Nf3 Nc6 3. Bb5 a6 4. Ba4 d6 5. Bxc6+ bxc6 6. d4 f6 7. Nc3 Ne7 8. Be3 Ng6 9. h4 Bg4 10. h5 Ne7 11. Qd3 Qc8 12. dxe5 fxe5 13. Nd2 a5 14. f4 exf4 15. Bxf4 Qa6 16. Qg3 Be6 17. 0-0-0 0-0-0 18. Nf3 Bd7 19. Ng5 Qc4 20. b3 Qg8 21. Qf2 Kb7 22. Bd2 Be8 23. e5 Nc8 24. e6 Be7 25. Nce4 h6 26. Nf7 Bxf7 27. exf7 Qh7 28. Rhe1 Rhf8 29. Bxa5 g5 30. Qd4 Qxf7 31. Qb4+ Nb6 32. Bxb6 cxb6 33. Nxd6+ Rxd6 34. Rxd6 Rd8 35. Red1 Bxd6 36. Rxd6 0-1

[Event "Loeberitz Ehrenpreis 5th"]
[Site "Loeberitz"]
[Date "2016.06.18"]
[Round "4"]
[White "Reizniece Ozola, Dana"]
[Black "Huebner, Robert"]
[Result "1-0"]
[WhiteElo "2203"]
[BlackElo "2583"]
[PlyCount "111"]
[EventDate "2016.06.17"]
[EventType "tourn"]
[EventRounds "5"]
[EventCountry "GER"]
[EventCategory "7"]
[SourceTitle "EXT 2017"]
[Source "ChessBase"]
[SourceDate "2016.10.25"]
[SourceVersion "1"]
[SourceVersionDate "2016.10.25"]
[SourceQuality "1"]

1. c4 e5 2. g3 Nf6 3. Bg2 d5 4. cxd5 Nxd5 5. Nf3 Nc6 6. 0-0 Be7 7. d4 e4 8. Ne5 f5 9. Nxc6 bxc6 10. f3 exf3 11. Bxf3 0-0 12. Nc3 Be6 13. Qa4 Qd7 14. Bf4 Rfb8 15. Rac1 Rb4 16. Qa5 Nxf4 17. gxf4 Qxd4+ 18. Kh1 Bd6 19. Bxc6 Rab8 20. Rcd1 Qc4 21. Bd5 Bxd5+ 22. Qxd5+ Qxd5+ 23. Rxd5 g6 24. b3 Rxf4 25. Rxf4 Bxf4 26. Rd7 Re8 27. Nd5 Bg5 28. Rxc7 Rxe2 29. Rxa7 Rd2 30. Ra5 Kg7 31. a4 h5 32. Rb5 f4 33. h4 Bxh4 34. Nxf4 Bg3 35. Nxh5+ gxh5 36. Rg5+ Kh6 37. Rxg3 h4 38. Rg2 Rd1+ 39. Rg1 Rd3 40. Rb1 Kh5 41. a5 Kg4 42. a6 Rh3+ 43. Kg2 Rg3+ 44. Kf2 Rf3+ 45. Ke2 Rf8 46. b4 h3 47. b5 h2 48. b6 Rf6 49. b7 Rb6 50. Rxb6 h1Q 51. Rb4+ Kf5 52. b8Q Qg2+ 53. Kd3 Qf3+ 54. Kc4 Qc6+ 55. Kb3 Qd5+ 56. Ka4 1-0

[Event "SUI-chT"]
[Site "Switzerland"]
[Date "2016.06.11"]
[Round "4.1"]
[White "Huebner, Robert"]
[Black "Breder, Dennis"]
[Result "0-1"]
[WhiteElo "2583"]
[BlackElo "2463"]
[PlyCount "94"]
[EventDate "2016.03.20"]
[EventType "team-tourn"]
[EventRounds "9"]
[EventCountry "SUI"]
[SourceTitle "EXT 2017"]
[Source "ChessBase"]
[SourceDate "2016.10.25"]
[SourceVersion "1"]
[SourceVersionDate "2016.10.25"]
[SourceQuality "1"]
[WhiteTeam "Luzern"]
[BlackTeam "Bodan"]
[WhiteTeamCountry "SUI"]
[BlackTeamCountry "SUI"]

1. e4 c5 2. Nf3 Nc6 3. d4 cxd4 4. Nxd4 Nf6 5. Nc3 d6 6. Bg5 e6 7. Qd2 Be7 8. 0-0-0 0-0 9. f4 Nxd4 10. Qxd4 Qa5 11. e5 dxe5 12. Qxe5 Qxe5 13. fxe5 Nd5 14. Bxe7 Nxe7 15. Bb5 a6 16. Bd3 b5 17. Be4 Rb8 18. Rd6 b4 19. Na4 Rb5 20. Re1 Nf5 21. Bxf5 exf5 22. c4 bxc3 23. Nxc3 Rc5 24. g3 Re8 25. Kd2 Kf8 26. Nd5 Be6 27. Nb4 Rb5 28. a3 a5 29. Nd3 Bc4 30. b4 axb4 31. Nxb4 g5 32. h4 gxh4 33. Rd4 Be6 34. gxh4 Ra8 35. Re3 Rba5 36. Nc2 Bd5 37. Rf4 Be4 38. Rc3 Rxe5 39. Ne3 Kg7 40. Nf1 Rd5+ 41. Ke2 Kf6 42. Ng3 Ke5 43. Ke3 Rd3+ 44. Rxd3 Bxd3 45. Rb4 Rxa3 46. Nh5 f4+ 47. Kd2 f3 0-1

[Event "Puhajarve rap op 16th"]
[Site "Puhajarve"]
[Date "2015.11.29"]
[Round "30"]
[White "Huebner, Robert"]
[Black "Petursson, Margeir"]
[Result "1-0"]
[WhiteElo "2588"]
[BlackElo "2520"]
[PlyCount "73"]
[EventDate "2015.11.27"]
[EventType "tourn (rapid)"]
[EventRounds "33"]
[EventCountry "EST"]
[EventCategory "1"]
[SourceTitle "CBM 169 Extra"]
[Source "ChessBase"]
[SourceDate "2015.12.18"]
[SourceVersion "1"]
[SourceVersionDate "2015.12.18"]
[SourceQuality "1"]

1. d4 d5 2. Nf3 Nf6 3. c4 c6 4. cxd5 cxd5 5. Nc3 Nc6 6. Bf4 e6 7. e3 Be7 8. Bd3 Nh5 9. Be5 Nf6 10. 0-0 Nxe5 11. Nxe5 Nd7 12. Rc1 Nxe5 13. dxe5 0-0 14. Nb5 Bd7 15. Nd4 Qb6 16. Qd2 Rac8 17. a3 Rxc1 18. Rxc1 Rc8 19. Rxc8+ Bxc8 20. Qc2 Bd7 21. Bxh7+ Kh8 22. Bd3 Qc5 23. Qxc5 Bxc5 24. f4 f6 25. Kf2 fxe5 26. fxe5 Bb6 27. Kf3 Bc7 28. Kf4 Kg8 29. Bg6 Ba5 30. h4 Bd2 31. b3 b5 32. g4 Bc1 33. Nc2 d4 34. Nxd4 Bxa3 35. h5 a5 36. Bd3 a4 37. Bxb5 1-0

[Event "Puhajarve rap op 16th"]
[Site "Puhajarve"]
[Date "2015.11.28"]
[Round "12"]
[White "Ehlvest, Jaan"]
[Black "Huebner, Robert"]
[Result "0-1"]
[WhiteElo "2524"]
[BlackElo "2588"]
[PlyCount "74"]
[EventDate "2015.11.27"]
[EventType "tourn (rapid)"]
[EventRounds "33"]
[EventCountry "EST"]
[EventCategory "1"]
[SourceTitle "CBM 169 Extra"]
[Source "ChessBase"]
[SourceDate "2015.12.18"]
[SourceVersion "1"]
[SourceVersionDate "2015.12.18"]
[SourceQuality "1"]

1. Nf3 Nf6 2. c4 c6 3. e3 d5 4. Nc3 e6 5. d4 Nbd7 6. Bd3 dxc4 7. Bxc4 b5 8. Bd3 Bb7 9. 0-0 a6 10. e4 c5 11. d5 Qc7 12. Bc2 0-0-0 13. Bg5 Bd6 14. Rc1 Kb8 15. a4 b4 16. Ne2 h6 17. Bxf6 gxf6 18. Bb3 Ne5 19. Nxe5 Bxe5 20. Qd2 f5 21. f4 Bg7 22. Qe3 exd5 23. Bxd5 Bxd5 24. exd5 Rxd5 25. b3 Rhd8 26. Kh1 Qd6 27. Ng3 Qe6 28. Qf3 Rd3 29. Qh5 R8d5 30. Rce1 Qd7 31. Qh4 Bf8 32. Nh5 Qc6 33. Nf6 Rd8 34. h3 Rd2 35. Rg1 Kb7 36. Nh7 R2d7 37. Nf6 Be7 0-1

[Event "Puhajarve rap op 16th"]
[Site "Puhajarve"]
[Date "2015.11.28"]
[Round "13"]
[White "Huebner, Robert"]
[Black "Nyback, Tomi"]
[Result "1-0"]
[WhiteElo "2588"]
[BlackElo "2594"]
[PlyCount "67"]
[EventDate "2015.11.27"]
[EventType "tourn (rapid)"]
[EventRounds "33"]
[EventCountry "EST"]
[EventCategory "1"]
[SourceTitle "CBM 169 Extra"]
[Source "ChessBase"]
[SourceDate "2015.12.18"]
[SourceVersion "1"]
[SourceVersionDate "2015.12.18"]
[SourceQuality "1"]

1. d4 d5 2. c4 c6 3. Nc3 Nf6 4. Nf3 dxc4 5. a4 Bf5 6. e3 e6 7. Bxc4 Bb4 8. 0-0 Nbd7 9. Qe2 Bg6 10. e4 0-0 11. Bd3 Bh5 12. Bf4 Qe7 13. e5 Nd5 14. Nxd5 cxd5 15. Qe3 Rfc8 16. Ng5 Bg6 17. Bxg6 hxg6 18. Rad1 Rc2 19. Rd3 Nf8 20. Qg3 f6 21. Nf3 Rac8 22. h4 Rxb2 23. exf6 gxf6 24. Qg4 Rc3 25. Re3 Rxe3 26. fxe3 Qh7 27. Rc1 Qh5 28. Qxh5 gxh5 29. Rc7 Ba5 30. Re7 Rb6 31. Bh6 Rd6 32. Rg7+ Kh8 33. Rxb7 Nd7 34. Bf4 1-0

[Event "Puhajarve rap op 16th"]
[Site "Puhajarve"]
[Date "2015.11.27"]
[Round "1"]
[White "Huebner, Robert"]
[Black "Reizniece Ozola, Dana"]
[Result "1-0"]
[WhiteElo "2588"]
[BlackElo "2209"]
[PlyCount "153"]
[EventDate "2015.11.27"]
[EventType "tourn (rapid)"]
[EventRounds "33"]
[EventCountry "EST"]
[EventCategory "1"]
[SourceTitle "CBM 169 Extra"]
[Source "ChessBase"]
[SourceDate "2015.12.18"]
[SourceVersion "1"]
[SourceVersionDate "2015.12.18"]
[SourceQuality "1"]

1. d4 Nf6 2. Bg5 Ne4 3. Bf4 c5 4. e3 g6 5. Bd3 Nf6 6. Nf3 Bg7 7. 0-0 0-0 8. dxc5 Na6 9. Bxa6 bxa6 10. Nbd2 Bb7 11. Nb3 Ne4 12. c3 Rc8 13. Be5 f6 14. Bg3 a5 15. Qd4 Bc6 16. Rad1 a4 17. Nbd2 Nxg3 18. hxg3 Qc7 19. b4 axb3 20. axb3 Kh8 21. b4 f5 22. Qd3 a5 23. Nd4 Ba8 24. f3 Qxg3 25. Ne2 Qc7 26. Nc4 axb4 27. cxb4 Bc6 28. Nd4 Bb7 29. Nb6 Rcd8 30. Nb5 Qc6 31. Nd4 Qc7 32. Rc1 Qg3 33. Ne2 Qh4 34. Rc4 Qh6 35. b5 Be5 36. f4 Bf6 37. Nxd7 Qh4 38. c6 Bc8 39. Nd4 Bxd7 40. cxd7 Rxd7 41. b6 e5 42. fxe5 Bxe5 43. Nf3 Qd8 44. Qb3 Bb8 45. Rfc1 Qe7 46. Qc3+ Kg8 47. Rc8 Rdd8 48. Rc6 Rfe8 49. Kf2 f4 50. exf4 Qe2+ 51. Kg3 Re4 52. Rc8 Bxf4+ 53. Kh3 Rxc8 54. Qxc8+ Kg7 55. Rc7+ Bxc7 56. bxc7 Re8 57. Qd7+ Kh6 58. c8R Rxc8 59. Qxc8 Qe4 60. Qg4 Qe3 61. Qh4+ Kg7 62. Qd4+ Qxd4 63. Nxd4 Kf6 64. Kg4 h6 65. Kf4 Kf7 66. Ke5 Ke7 67. Ne2 Kf7 68. Nf4 Kg7 69. Ke6 h5 70. Nh3 Kh6 71. Kf6 Kh7 72. Ng5+ Kh6 73. Nf7+ Kh7 74. g3 g5 75. Kxg5 Kg7 76. Ne5 Kh7 77. Kxh5 1-0

[Event "Puhajarve rap op 16th"]
[Site "Puhajarve"]
[Date "2015.11.27"]
[Round "8"]
[White "Ladva, Ottomar"]
[Black "Huebner, Robert"]
[Result "0-1"]
[WhiteElo "2423"]
[BlackElo "2588"]
[PlyCount "136"]
[EventDate "2015.11.27"]
[EventType "tourn (rapid)"]
[EventRounds "33"]
[EventCountry "EST"]
[EventCategory "1"]
[SourceTitle "CBM 169 Extra"]
[Source "ChessBase"]
[SourceDate "2015.12.18"]
[SourceVersion "1"]
[SourceVersionDate "2015.12.18"]
[SourceQuality "1"]

1. d4 Nf6 2. c4 e6 3. Nf3 b6 4. g3 Bb7 5. Bg2 Be7 6. 0-0 0-0 7. Re1 d5 8. Ne5 Nfd7 9. Nxd7 Nxd7 10. Nc3 Nf6 11. Bg5 Ne4 12. Bxe7 Qxe7 13. Qc2 f5 14. Rac1 Rac8 15. Qa4 a5 16. e3 Qb4 17. cxd5 exd5 18. Qxb4 axb4 19. Nb5 Rf7 20. a4 bxa3 21. bxa3 Rd7 22. Rc2 Ba6 23. a4 Bxb5 24. axb5 Ra8 25. Rec1 Ra7 26. g4 fxg4 27. Bxe4 dxe4 28. Kg2 Kf7 29. Kg3 h5 30. Kh4 g6 31. Rc6 Kg7 32. R1c2 Kh6 33. Re6 Ra1 34. Rcc6 Rg7 35. Re5 Kh7 36. Rxe4 Rh1 37. Kg3 Rg1+ 38. Kh4 Rg2 39. h3 gxh3 40. Kxh3 Rxf2 41. Ree6 Rf5 42. e4 Rxb5 43. d5 Rb3+ 44. Kg2 b5 45. Re8 b4 46. Rb8 Rc3 47. Rxc3 bxc3 48. Rb3 Re7 49. Kf3 Rf7+ 50. Ke3 g5 51. Rxc3 Kg6 52. Kd4 h4 53. e5 Rh7 54. e6 h3 55. e7 Rxe7 56. Rxh3 g4 57. Rh8 Kg5 58. Rg8+ Kf4 59. Rf8+ Kg3 60. Kc5 Kh2 61. Rh8+ Kg2 62. Kc6 g3 63. Rc8 Kf3 64. Rf8+ Ke3 65. Rg8 Kf2 66. Rf8+ Kg1 67. Rc8 g2 68. Rxc7 Rxc7+ 0-1